• 首页
  • 本馆介绍
  • 公告通知
  • 最新文献
  • 馆藏检索
  • 电子资源
  • 读者导购
  • 参考咨询
  • 我的图书馆
  • 登录
  • 详细信息显示
  • 放入我的书架
  • 预约/预借图书
  • 作者相关作品
  • 分类相关作品
  • 丛书相关作品
  • 出版社相关作品

书目信息

  • 表格格式
  • 工作单格式
  • 卡片格式
题名:
毛泽东的路
    
 
作者: 美爱德华.E.赖斯
分册:  
出版信息: 北京   北京出版社  1992
页数: 350页
开本: 20cm
丛书名:
单 册:
中图分类: A
科图分类:
主题词:
电子资源:
ISBN:
000 00478nam0 2200169 450
001 0728815141
005 20070819080015.14
010    @d¥6.40
100    @a20070819d km y0chiy0120 ea
101 0  @achi
200 1  @a毛泽东的路@Amao ze dong de lu@f[美]爱德华.E.赖斯@F[mei]ai de hua.E.lai si
210    @a北京@c北京出版社@d1992
215    @a350页@d20cm
690    @aA@v3
701  0 @a美爱德华.E.赖斯@Amei ai de hua.E.lai si
801  0 @aCN@bPFT@c20070819
905    @a213230@dA@eZW12@f1
    
    毛泽东的路/[美]爱德华.E.赖斯.-北京:北京出版社,1992
    350页;20cm
    
    
    ISBN :¥6.40
    
●
相关链接 在E读中查询图书 在五车中查询图书 在当当中查询图书 在豆瓣中查询图书


正题名:毛泽东的路     索取号:A/ZW12         预约/预借

序号 登录号 条形码 馆藏地/架位号 状态 备注
1 7600034   276000346   密集书库-文学院/ [索取号:A/ZW12] 在馆    
唐山师范学院图书馆 欢迎您!
大连网信软件有限公司© 版权所有